| 000 | 00520nmm a2200169Ia 4500 | ||
|---|---|---|---|
| 008 | 251105s9999||||xx |||||||||||||||||und|| | ||
| 020 | _a9788488015887 | ||
| 041 |
_aspa _acat |
||
| 100 | _aCosta i Llobera, Miquel | ||
| 245 | 0 | _aUn vuelo de inefable poesía = Un vol d'inefable poesia | |
| 264 |
_a[Madrid, España] : _bCalambur, _c2002 |
||
| 300 | _a362 páginas | ||
| 490 | _aBiblioteca de las Islas Baleares | ||
| 650 | _aSpanish poetry | ||
| 856 | _uhttps://public.digitaliapublishing.com/a/56036 | ||
| 942 | _cCF | ||
| 999 |
_c87024 _d87024 |
||